000 00792nam a2200289Ia 4500
003 OSt
005 20221005055005.0
006 a|||||r|||| 00| 0
007 ta
008 221004b |||||||| |||| 00| 0 eng d
020 _a0 333 24765 5
024 _a40823
037 _cTextual
040 _aCRL
_cCRL
_beng
041 _2eng
_aeng
082 _aO111,3L75w, L5
100 _aBush Douglas
110 _aGift from Prof Amitava Banerjee, London
245 0 _aJane Austen
260 _aLondon
_bMacmillan UK
_c1975
300 _a205p.
_ccm.
490 _aMasters of World Literature
650 _aENGLISH LITERATURE
700 _aGift from Prof Amitava Banerjee, London
942 _hO111,3L75w, L5
_cTEXL
_2cc
999 _c964354
_d964354